| 000 | 00715cam a2200205 4500 | ||
|---|---|---|---|
| 001 | WB2609-14 | ||
| 008 | 000000n2000 000 0 eng u | ||
| 035 | _a(Sirsi) u104533 | ||
| 245 | _aInnovation village | ||
| 260 | _c2000 | ||
| 490 |
_aWestern Mail _v29 February 2000, 2.14(1) |
||
| 520 | _aA new business innovation centre, Technium, has been launched in Swansea. It is the first stage of a plan to create Europe's first innovation village and it is hoped that it will attract leading-edge research to South-west Wales. | ||
| 590 | _aWB | ||
| 650 | _aSWANSEA | ||
| 650 | _aSOUTH WALES | ||
| 650 | _aTECHNIUM | ||
| 650 | _aINNOVATION VILLAGE | ||
| 690 | _aPROPERTY-PROPERTY DEVELOPMENT | ||
| 942 | _n0 | ||
| 999 |
_c62721 _d62721 |
||